000
00220nam a22000857a 4500
008
160920b xxu||||| |||| 00| 0 eng d
100
_9
679
_a
Misra.R.R
245
_a
See Chemistry-IX
260
_a
New Delhi
_b
APC Publications
_c
2011
999
_c
3336
_d
3336